| 000 | 00707cam a2200241 a 4500 | ||
|---|---|---|---|
| 001 | 000008414 | ||
| 003 | OSt | ||
| 005 | 20200929161335.0 | ||
| 008 | 900706s1989 ck 000 f spa | ||
| 020 | _a9589524605 | ||
| 040 |
_aDO-SdBNP _bspa _cBNPHU |
||
| 082 |
_aC863.4 _bR934a |
||
| 100 | 1 |
_aRuiz Martínez, Eduardo, _d1929- _97499 |
|
| 245 | 1 | 3 |
_aEl abrigo de Gabrielina y otros relatos / _cEduardo Ruiz Martínez. |
| 260 |
_aBogotá : _bJ.E. Salcedo Ocampo, _c1989. |
||
| 300 |
_a221 p. ; _c21 cm. |
||
| 590 | _aInventariado, 2020/ YL | ||
| 650 | 4 |
_aCuentos colombianos _921475 |
|
| 650 | 4 |
_aLiteratura colombiana _ySIGLO XX _914409 |
|
| 910 | _aEn proceso | ||
| 942 |
_2ddc _cLF1 |
||
| 956 | _aYLOCKWARD | ||
| 999 |
_c8185 _d8185 |
||